[Event "Stuttgart-chA int"]
[Site "Ditzingen"]
[Date "2013.05.09"]
[Round "2"]
[White "Neyman, Igor"]
[Black "Schulz, Jens Peter"]
[Result "1-0"]
[WhiteElo "2334"]
[BlackElo "1839"]
[PlyCount "61"]
[EventDate "2013.05.09"]
[EventType "swiss"]
[EventRounds "7"]
[EventCountry "GER"]
[SourceTitle "EXT 2014"]
[Source "ChessBase"]
[SourceDate "2013.11.20"]
[SourceVersion "1"]
[SourceVersionDate "2013.11.20"]
[SourceQuality "1"]

1. d4 Nf6 2. c4 c5 3. d5 b5 4. cxb5 a6 5. f3 g6 6. e4 d6 7. a4 Bg7 8. Na3 0-0 9. Ne2 e6 10. dxe6 Bxe6 11. Nf4 d5 12. Be2 Qc7 13. 0-0 Rd8 14. Qc2 axb5 15. Nxb5 Qb6 16. Nxe6 fxe6 17. Be3 d4 18. Bf2 Nc6 19. Bc4 Nb4 20. Qb3 Re8 21. Bg3 Na6 22. Bd6 Kh8 23. Bxe6 Rad8 24. e5 d3 25. Kh1 Nd7 26. a5 Qc6 27. Bd5 c4 28. Bxc6 cxb3 29. f4 Re6 30. Bd5 Rxd6 31. Nxd6 1-0

[Event "GER-ch Net qual4 U18"]
[Site "Playchess.com INT"]
[Date "2009.06.17"]
[Round "3"]
[White "Reuschenbach, Tristan"]
[Black "Schulz, Jens Peter"]
[Result "0-1"]
[WhiteElo "1178"]
[BlackElo "1954"]
[PlyCount "66"]
[EventDate "2009.06.17"]
[EventType "swiss (blitz)"]
[EventRounds "7"]
[EventCountry "GER"]
[SourceTitle "CBM 130 Extra"]
[Source "ChessBase"]
[SourceDate "2009.07.02"]
[SourceVersion "2"]
[SourceVersionDate "2009.07.15"]
[SourceQuality "1"]

1. e4 e5 2. Nf3 d6 3. c4 Nf6 4. d4 exd4 5. Nxd4 Be7 6. Bg5 Nc6 7. Nxc6 bxc6 8. Bxf6 Bxf6 9. Nd2 Bxb2 10. Rb1 Bf6 11. Nf3 0-0 12. Qc2 Re8 13. Bd3 d5 14. cxd5 cxd5 15. 0-0 d4 16. e5 Bxe5 17. Bxh7+ Kh8 18. Rfe1 Qf6 19. Nxe5 Rxe5 20. Rxe5 Qxe5 21. Be4 c6 22. Re1 Bd7 23. Qd2 Qd6 24. Qa5 Re8 25. Qh5+ Qh6 26. Qxf7 Rxe4 27. Qf8+ Kh7 28. Qf5+ Bxf5 29. Rf1 Qg5 30. f3 Qe3+ 31. Kh1 Qf2 32. Rg1 Re1 33. Rxe1 Qxe1# 0-1

[Event "GER-ch Net qual4 U18"]
[Site "Playchess.com INT"]
[Date "2009.06.17"]
[Round "2"]
[White "Schulz, Jens Peter"]
[Black "Schroeder, Jan Christian"]
[Result "1-0"]
[WhiteElo "1954"]
[BlackElo "1811"]
[PlyCount "49"]
[EventDate "2009.06.17"]
[EventType "swiss (blitz)"]
[EventRounds "7"]
[EventCountry "GER"]
[SourceTitle "CBM 130 Extra"]
[Source "ChessBase"]
[SourceDate "2009.07.02"]
[SourceVersion "2"]
[SourceVersionDate "2009.07.15"]
[SourceQuality "1"]

1. e4 e5 2. Nf3 Nc6 3. Bc4 Nf6 4. d3 Be7 5. 0-0 0-0 6. a4 d6 7. h3 Na5 8. Ba2 c5 9. c3 Nc6 10. Be3 Qc7 11. Nbd2 Nd8 12. d4 Ne6 13. dxe5 dxe5 14. Nc4 Nxe4 15. Ncxe5 Bf6 16. Ng4 Bg5 17. Bxe6 Bxe3 18. Bxc8 Rd8 19. Qc2 Nxf2 20. Nxe3 Nxh3+ 21. gxh3 Raxc8 22. Qg2 Re8 23. Nf5 g6 24. Rae1 Red8 25. Ne7+ 1-0

[Event "GER-ch Net qual4 U18"]
[Site "Playchess.com INT"]
[Date "2009.06.17"]
[Round "7"]
[White "Schulz, Jens Peter"]
[Black "Winkler, Stefan1111"]
[Result "1-0"]
[WhiteElo "1954"]
[BlackElo "1825"]
[PlyCount "77"]
[EventDate "2009.06.17"]
[EventType "swiss (blitz)"]
[EventRounds "7"]
[EventCountry "GER"]
[SourceTitle "CBM 130 Extra"]
[Source "ChessBase"]
[SourceDate "2009.07.02"]
[SourceVersion "2"]
[SourceVersionDate "2009.07.15"]
[SourceQuality "1"]

1. e4 e5 2. d4 exd4 3. Bc4 Nf6 4. Nf3 Bc5 5. 0-0 0-0 6. Re1 d6 7. c3 Bg4 8. cxd4 Bb4 9. Bd2 a5 10. a3 Bxd2 11. Nbxd2 Nc6 12. Qc2 Re8 13. h3 Bh5 14. Bb5 Bg6 15. Bd3 Ne7 16. Nf1 Rc8 17. Rad1 c5 18. Qb1 cxd4 19. Nxd4 Qb6 20. Nf3 Nc6 21. Ng3 Ne5 22. Nxe5 Rxe5 23. Kh2 Qxf2 24. Rf1 Qb6 25. Rde1 Rce8 26. Nf5 Bxf5 27. exf5 Qd4 28. Bb5 R8e7 29. Rd1 Qh4 30. Qc2 h6 31. Rxd6 Ng4+ 32. Kg1 Ne3 33. Qc8+ Kh7 34. Rd8 Re8 35. Bxe8 Qg3 36. Rd2 Nxf1 37. Bxf7 Qe3+ 38. Rf2 h5 39. h4 1-0

[Event "GER-ch Net qual3 U18"]
[Site "Playchess.com INT"]
[Date "2009.05.17"]
[Round "2"]
[White "Kahleys, Kevin"]
[Black "Schulz, Jens Peter"]
[Result "1-0"]
[WhiteElo "2006"]
[BlackElo "1954"]
[PlyCount "47"]
[EventDate "2009.05.17"]
[EventType "swiss (blitz)"]
[EventRounds "7"]
[EventCountry "GER"]
[SourceTitle "CBM 130 Extra"]
[Source "ChessBase"]
[SourceDate "2009.07.02"]
[SourceVersion "2"]
[SourceVersionDate "2009.07.15"]
[SourceQuality "1"]

1. Nf3 Nf6 2. g3 b6 3. Bg2 Bb7 4. 0-0 e6 5. c4 c5 6. Nc3 Nc6 7. b3 Be7 8. Bb2 0-0 9. d4 d5 10. cxd5 exd5 11. e3 Rc8 12. Rc1 a6 13. Ne5 Nxe5 14. dxe5 Ne4 15. Nxe4 dxe4 16. Qg4 Qd5 17. e6 f6 18. Rfd1 Qc6 19. Rd7 Rfe8 20. Rc4 h5 21. Qxh5 Qxe6 22. Rxb7 Red8 23. Rxe4 Rd1+ 24. Qxd1 1-0

[Event "GER-ch Net qual3 U18"]
[Site "Playchess.com INT"]
[Date "2009.05.17"]
[Round "1"]
[White "Schulz, Jens Peter"]
[Black "Nonnenmacher, Lars"]
[Result "1-0"]
[WhiteElo "1954"]
[BlackElo "1497"]
[PlyCount "31"]
[EventDate "2009.05.17"]
[EventType "swiss (blitz)"]
[EventRounds "7"]
[EventCountry "GER"]
[SourceTitle "CBM 130 Extra"]
[Source "ChessBase"]
[SourceDate "2009.07.02"]
[SourceVersion "2"]
[SourceVersionDate "2009.07.15"]
[SourceQuality "1"]

1. e4 Nf6 2. e5 Nd5 3. c4 Nb6 4. c5 Nd5 5. Bc4 e6 6. d4 d6 7. cxd6 cxd6 8. Bxd5 exd5 9. Nf3 Bg4 10. Bf4 Nc6 11. 0-0 Bxf3 12. Qxf3 Nxd4 13. Qxd5 Nc2 14. exd6 Nxa1 15. Re1+ Kd7 16. Qxb7+ 1-0

[Event "GER-chT Lands U20"]
[Site "Dresden"]
[Date "2008.11.18"]
[Round "7.3"]
[White "Tkachuk, Konstantyn"]
[Black "Schulz, Jens Peter"]
[Result "1/2-1/2"]
[WhiteElo "2137"]
[BlackElo "2017"]
[PlyCount "56"]
[EventDate "2008.11.14"]
[EventType "team-swiss"]
[EventRounds "7"]
[EventCountry "GER"]
[SourceTitle "EXT 2010"]
[Source "ChessBase"]
[SourceDate "2010.11.25"]
[SourceVersion "1"]
[SourceVersionDate "2010.11.25"]
[SourceQuality "1"]
[WhiteTeam "Nordrhein Westfalen"]
[BlackTeam "Niedersachsen"]
[WhiteTeamCountry "GER"]
[BlackTeamCountry "GER"]

1. e4 e5 2. Nf3 Nc6 3. Bc4 Bc5 4. b4 Bb6 5. a4 a6 6. c3 Nf6 7. Qb3 0-0 8. d3 d6 9. 0-0 Ne7 10. a5 Ba7 11. Nbd2 Ng6 12. d4 c6 13. Qc2 Qc7 14. dxe5 dxe5 15. Nb3 Bg4 16. Ne1 Rad8 17. Be3 Bxe3 18. fxe3 Rd6 19. Nc5 Rfd8 20. Ned3 Qe7 21. h3 Bc8 22. Rf2 Nf8 23. Rd1 Be6 24. Bxe6 Nxe6 25. Rfd2 Nxc5 26. Nxc5 Rxd2 27. Rxd2 Rxd2 28. Qxd2 Ne8 1/2-1/2

[Event "GER-chT Lands U20"]
[Site "Dresden"]
[Date "2008.11.16"]
[Round "4.3"]
[White "Schulz, Jens Peter"]
[Black "Nuber, Blasius"]
[Result "0-1"]
[WhiteElo "2017"]
[BlackElo "2094"]
[PlyCount "102"]
[EventDate "2008.11.14"]
[EventType "team-swiss"]
[EventRounds "7"]
[EventCountry "GER"]
[SourceTitle "EXT 2010"]
[Source "ChessBase"]
[SourceDate "2010.11.25"]
[SourceVersion "1"]
[SourceVersionDate "2010.11.25"]
[SourceQuality "1"]
[WhiteTeam "Niedersachsen"]
[BlackTeam "Bayern Muenchen"]
[WhiteTeamCountry "GER"]
[BlackTeamCountry "GER"]

1. e4 e5 2. Nf3 Nf6 3. Nc3 Nc6 4. Bb5 d6 5. d4 exd4 6. Nxd4 Bd7 7. Bf4 Be7 8. Nxc6 bxc6 9. Bd3 Rb8 10. Rb1 0-0 11. 0-0 Re8 12. Re1 Bf8 13. h3 Be6 14. Qf3 Nd7 15. b3 g6 16. Nd1 Bg7 17. Ne3 Ne5 18. Qg3 a5 19. Bf1 Rb4 20. Ng4 Nxg4 21. hxg4 a4 22. Rbd1 Qf6 23. a3 Rd4 24. g5 Qe7 25. Rxd4 Bxd4 26. e5 dxe5 27. Bc1 axb3 28. cxb3 c5 29. Bb5 Rb8 30. a4 c6 31. Bxc6 Rxb3 32. Qh4 Qc7 33. Qe4 Qa5 34. Rf1 c4 35. Bb5 Qb6 36. Qc2 Qc5 37. Qe2 Bd5 38. Qg4 Rb1 39. Qd7 h5 40. gxh6 Bxf2+ 41. Kh2 Qd4 42. Qd8+ Kh7 43. Qf6 Qh4+ 44. Qxh4 Bxh4 45. Bc6 Be6 46. Kg1 c3 47. a5 Bc4 48. a6 Bxf1 49. a7 Rxc1 50. a8Q Bg3 51. Qa3 Re1 0-1

[Event "GER-chT Lands U20"]
[Site "Dresden"]
[Date "2008.11.15"]
[Round "3.3"]
[White "Rafayevych, Vilen"]
[Black "Schulz, Jens Peter"]
[Result "1/2-1/2"]
[WhiteElo "1936"]
[BlackElo "2017"]
[PlyCount "118"]
[EventDate "2008.11.14"]
[EventType "team-swiss"]
[EventRounds "7"]
[EventCountry "GER"]
[SourceTitle "EXT 2010"]
[Source "ChessBase"]
[SourceDate "2010.11.25"]
[SourceVersion "1"]
[SourceVersionDate "2010.11.25"]
[SourceQuality "1"]
[WhiteTeam "Sachsen Anhalt"]
[BlackTeam "Niedersachsen"]
[WhiteTeamCountry "GER"]
[BlackTeamCountry "GER"]

1. d4 Nf6 2. c4 e6 3. Nf3 Bb4+ 4. Bd2 Qe7 5. a3 Bxd2+ 6. Qxd2 c5 7. d5 exd5 8. cxd5 d6 9. Nc3 a6 10. a4 0-0 11. e3 Bf5 12. Bc4 h6 13. 0-0 Nbd7 14. Rfe1 Ne4 15. Nxe4 Bxe4 16. Rad1 Qf6 17. Qe2 Bxf3 18. gxf3 Ne5 19. Kg2 Qg5+ 20. Kh1 Qh4 21. b3 Qh3 22. Qf1 Qxf3+ 23. Qg2 Qxg2+ 24. Kxg2 Rab8 25. a5 Nxc4 26. bxc4 b5 27. axb6 Rxb6 28. Ra1 Ra8 29. Ra5 Kf8 30. Kf3 Ke7 31. Re2 Kd7 32. Ke4 Rb4 33. Rc2 Kc7 34. Kd3 Rb3+ 35. Kd2 Kb6 36. Rca2 Rb1 37. Kd3 f5 38. f3 Rd1+ 39. Ke2 Rh1 40. Kd3 Rxh2 41. Rxh2 Kxa5 42. Rb2 Ra7 43. Rb8 Rf7 44. Rg8 Kb6 45. Rb8+ Kc7 46. Ra8 Kb7 47. Rd8 Kc7 48. Ra8 Kd7 49. Rxa6 g5 50. Ke2 Ke7 51. Ra7+ Kf6 52. Ra6 Rd7 53. Kf2 f4 54. exf4 gxf4 55. Ra8 Rf7 56. Rd8 Ke5 57. Re8+ Kd4 58. Re4+ Kd3 59. Kg2 Rf5 1/2-1/2

[Event "GER-chT Lands U20"]
[Site "Dresden"]
[Date "2008.11.14"]
[Round "2.3"]
[White "Schulz, Jens Peter"]
[Black "Voelsgen, Georg"]
[Result "1-0"]
[WhiteElo "2017"]
[BlackElo "1875"]
[PlyCount "109"]
[EventDate "2008.11.14"]
[EventType "team-swiss"]
[EventRounds "7"]
[EventCountry "GER"]
[SourceTitle "EXT 2010"]
[Source "ChessBase"]
[SourceDate "2010.11.25"]
[SourceVersion "1"]
[SourceVersionDate "2010.11.25"]
[SourceQuality "1"]
[WhiteTeam "Niedersachsen"]
[BlackTeam "Mecklenburg Vorpommern"]
[WhiteTeamCountry "GER"]
[BlackTeamCountry "GER"]

1. e4 e5 2. Nf3 Nc6 3. Bc4 Bc5 4. c3 Nf6 5. d3 d6 6. 0-0 Be6 7. Nbd2 Bb6 8. Bb3 Bxb3 9. axb3 0-0 10. h3 d5 11. Qe2 Rc8 12. Rd1 Qd6 13. Nf1 Nh5 14. Ng5 Nf6 15. Ng3 Rcd8 16. Be3 Ne7 17. Bxb6 Qxb6 18. b4 h6 19. Nf3 Ng6 20. Qc2 a6 21. Nf5 Qe6 22. Re1 Rd7 23. Ng3 Rfd8 24. d4 exd4 25. Nxd4 Qb6 26. e5 Ne4 27. Nxe4 dxe4 28. Qxe4 Re8 29. e6 Rde7 30. exf7+ Kxf7 31. Qd5+ Kf8 32. Rxe7 Rxe7 33. Ra5 Nh8 34. Qf5+ Nf7 35. Rd5 Qf6 36. Qxf6 gxf6 37. Kf1 Nd6 38. Nf5 Nxf5 39. Rxf5 Kf7 40. Rd5 Ke6 41. Rd8 Kf5 42. f3 c6 43. Kf2 Rc7 44. g4+ Kg6 45. h4 h5 46. Rd6 hxg4 47. fxg4 c5 48. bxc5 Rxc5 49. Rb6 Rc7 50. Kf3 Rd7 51. g5 Kh5 52. gxf6 Kxh4 53. Kf4 Kh5 54. Kf5 Rc7 55. Re6 1-0